Central Library OPAC University of Rajshahi

Development and underdevelopment : (Record no. 45610)

MARC details
000 -LEADER
fixed length control field 01254cam a2200349 a 4500
001 - CONTROL NUMBER
control field 45610
003 - CONTROL NUMBER IDENTIFIER
rucl marc code BD-RjUL
005 - DATE AND TIME OF LATEST TRANSACTION
control field 20211209054037.0
008 - FIXED-LENGTH DATA ELEMENTS--GENERAL INFORMATION
fixed length control field 160727s1991 ii b 000 0 eng
020 ## - INTERNATIONAL STANDARD BOOK NUMBER
International Standard Book Number 8170362229
International Standard Book Number 8170362237
International Standard Book Number 0803996799
International Standard Book Number 0803996802
035 ## - SYSTEM CONTROL NUMBER
System control number (BD-RjUL)45728
System control number 2689543
040 ## - CATALOGING SOURCE
Original cataloging agency LC
Language of cataloging eng
Transcribing agency LC
041 1# - LANGUAGE CODE
Language code of text/sound track or separate title eng
Language code of original ger
082 04 - DEWEY DECIMAL CLASSIFICATION NUMBER
Classification number 338.9
Edition number 22
Author mark and year ELD 1991
100 1# - MAIN ENTRY--PERSONAL NAME
Personal name Elsenhans, Hartmut,
Dates associated with a name 1941-
9 (RLIN) 139624
245 10 - TITLE STATEMENT
Title Development and underdevelopment :
Remainder of title the history, economics and politics of north-south relations /
Statement of responsibility, etc. Hartmut Elenhans ; translated by Madhulika Reddy.
260 ## - PUBLICATION, DISTRIBUTION, ETC. (IMPRINT)
Place of publication, distribution, etc. New Delhi :
Name of publisher, distributor, etc. Sage,
Date of publication, distribution, etc. 1991.
300 ## - PHYSICAL DESCRIPTION
Pagination 176 p. ;
Size 22 cm.
500 ## - GENERAL NOTE
General note Translation of Nord-Sud Beziehungen : Geschichte-Politik-Wirtschaft, originally published 1984.
504 ## - BIBLIOGRAPHY, ETC. NOTE
Bibliography, etc Bibliography: p. [163]-176.
650 #0 - SUBJECT ADDED ENTRY--TOPICAL TERM
Topical term or geographic name as entry element Economic history.
9 (RLIN) 139625
651 #0 - SUBJECT ADDED ENTRY--GEOGRAPHIC NAME
Geographic name Developing countries
General subdivision Dependency on foreign countries
-- History.
9 (RLIN) 139626
Geographic name Developing countries
General subdivision Economic conditions.
9 (RLIN) 139627
Geographic name Developing countries
General subdivision Foreign economic relations
-- History.
9 (RLIN) 139628
942 ## - ADDED ENTRY ELEMENTS (KOHA)
Source of classification or shelving scheme Dewey Decimal Classification
Koha item type Books
Holdings
Lost status Source of classification or shelving scheme Damaged status Not for loan Collection code Permanent Location Current Location Shelving location Date acquired Source of acquisition Cost, normal purchase price Total Checkouts Full call number Date last seen Copy number Koha item type
  Dewey Decimal Classification     Non-fiction Central Library, University of Rajshahi Central Library, University of Rajshahi   03/04/2000 Dhaka : Paragon Enterprise 225.00   338.9 ELD 1991 27/07/2016 C-2 Books